| 000 | 00909nam a22002897a 4500 | ||
|---|---|---|---|
| 003 | CHAP | ||
| 005 | 20220920175342.0 | ||
| 008 | 971013s1905 r 00010 d | ||
| 010 | _a20935 | ||
| 011 | _a21907 | ||
| 035 | _a25998 | ||
| 040 | _cCHAP | ||
| 082 |
_a580 _bD6 |
||
| 100 | 0 | 0 |
_aDondé, Joaquín. _933956 |
| 245 | _aLeccines de botánica arregladas según los principios admitidos por Guibourt, Richard, Ducharte, de Candolle y otros | ||
| 260 |
_aMérida : _bImprenta de la Lotería del Estado, _c1905 |
||
| 300 | _a264 p. | ||
| 500 | _aEncuadernado con : Apuntes sobre las plantas de Yucatán | ||
| 590 |
_aBATCH-UPD _b10 _c20130110 |
||
| 590 |
_aBATCH-UPD _b10 _c20130410 |
||
| 590 |
_aBATCH-UPD _b10 _c20130914 |
||
| 590 |
_aCONVERSION _b10 _c20130109 |
||
| 650 | 1 | 4 |
_aBotánica. _914477 |
| 901 | _aBK | ||
| 942 |
_cLIBRO _2ddc |
||
| 949 |
_a580 D6 _bBC _cLIBRO _d-60064 _eBPP _h8714 _i25998 _si |
||
| 999 |
_c20935 _d20935 |
||